Rumanček pravý - stále v popredí našich liečivých rastlín

Bibliographic Details
Main Author: Machovičová, Filipína, 1925-2005 (Author)
Format: Article
Language:Slovak
Subjects:

MARC

LEADER 00000nab a2200000 a 4500
001 vtls000505484
003 SK-MaSNL
005 20260304015537.0
008 220422c1993 xo 0 slo
015 |a SNBRB19rr/mm-uuuuu 
035 |a CL0505622 
040 |a SNKBUCL  |b slo  |c SNKBUCL  |e AACR2 
041 0 |a slo 
044 |a xo  |c SK 
080 |a 615.322:582.998.2  |2 1981 
080 |a 582.998.2  |2 1981 
100 1 |a Machovičová, Filipína,  |d 1925-2005  |4 aut  |9 250653 
245 1 0 |a Rumanček pravý - stále v popredí našich liečivých rastlín  |c F. Machovičová 
650 0 7 |a rumanček kamilkový  |2 snkbucl  |9 15717 
655 7 |a články z novín a časopisov  |2 snkbucl  |9 267496 
773 0 |t Naše liečivé rastliny  |g Roč. 30, č. 6 (1993), s. 182 
850 |a Slovenská národná knižnica v Martine  |a MTA001 
852 |a SNK  |b KIS3GCP 
958 |a RK 
958 |a ME 
992 |a RBX 
999 |c 2592213  |d 2594143